000
00294nam a2200109Ia 4500
008
210107s9999 xx 000 0 und d
100
_a
Cockroft. A.N.
245
0
_a
Nichol's Seamanship & Nautical Nautical Knowledge
260
_a
Glasgow
_b
Brown Son & Ferguson Ltd
300
_a
383
942
_c
BK
999
_c
11345
_d
11345